[Event "FICGS class C 000141 email"]
[Site "FICGS email"]
[Date "2010.03.26"]
[Round "1"]
[White "Brotherton, Trevor S"]
[Black "Guisado, Francisco"]
[Result "1-0"]
[WhiteElo "1800"]
[BlackElo "1617"]
[PlyCount "47"]
[EventDate "2010.??.??"]
[EventType "tourn (corr)"]
[EventRounds "6"]
[SourceTitle "Corr 2013"]
[Source "ChessBase"]
[SourceDate "2012.11.12"]
[SourceVersion "1"]
[SourceVersionDate "2012.11.12"]
[SourceQuality "1"]

1. Nf3 c5 2. c4 Nf6 3. Nc3 e6 4. g3 b6 5. Bg2 Bb7 6. 0-0 Nc6 7. e4 d6 8. d4 cxd4 9. Nxd4 Nxd4 10. Qxd4 Be7 11. b3 0-0 12. Ba3 Qc7 13. Rfd1 Rad8 14. Rac1 a6 15. Na4 Qc6 16. Nxb6 e5 17. Qe3 h6 18. Nd5 Rfe8 19. Nxe7+ Rxe7 20. c5 d5 21. Rxd5 Nxd5 22. exd5 Rxd5 23. Bxd5 Qxd5 24. c6 1-0

[Event "FICGS class C 000141 email"]
[Site "FICGS email"]
[Date "2010.03.26"]
[Round "1"]
[White "Guisado, Francisco"]
[Black "Ponting, Andrew"]
[Result "0-1"]
[WhiteElo "1617"]
[BlackElo "1716"]
[PlyCount "38"]
[EventDate "2010.??.??"]
[EventType "tourn (corr)"]
[EventRounds "6"]
[SourceTitle "Corr 2013"]
[Source "ChessBase"]
[SourceDate "2012.11.12"]
[SourceVersion "1"]
[SourceVersionDate "2012.11.12"]
[SourceQuality "1"]

1. d4 f5 2. g3 Nf6 3. Bg2 g6 4. Nf3 Bg7 5. 0-0 0-0 6. c4 d6 7. Nc3 Qe8 8. d5 a5 9. Nd4 Na6 10. Bg5 Bd7 11. Qd2 Nc5 12. Bh6 e5 13. dxe6 Bxh6 14. Qxh6 Bxe6 15. b3 c6 16. Qd2 Qf7 17. Rad1 Rfd8 18. Qf4 d5 19. cxd5 Bxd5 0-1

[Event "FICGS class D 000134 email"]
[Site "FICGS email"]
[Date "2009.11.02"]
[Round "1"]
[White "Budnar, Milos"]
[Black "Guisado, Francisco"]
[Result "0-1"]
[WhiteElo "1429"]
[BlackElo "1599"]
[PlyCount "50"]
[EventDate "2009.??.??"]
[EventType "tourn (corr)"]
[EventRounds "6"]
[SourceTitle "Corr 2022"]
[Source "ChessBase"]
[SourceDate "2021.10.24"]
[SourceVersion "1"]
[SourceVersionDate "2021.10.24"]
[SourceQuality "1"]

1. e4 c5 2. Nc3 e6 3. Nf3 Nc6 4. Bb5 Nd4 5. Bc4 Nf6 6. 0-0 a6 7. d3 Qc7 8. Nh4 b5 9. Bb3 Bb7 10. Be3 h5 11. Ne2 Ng4 12. f4 Nxe3 13. Qd2 Nxf1 14. Rxf1 Be7 15. g3 Bxh4 16. gxh4 Nxb3 17. cxb3 Qd6 18. Ng3 c4 19. Rd1 Qd4+ 20. Qf2 Qxf2+ 21. Kxf2 cxd3 22. Rxd3 Ke7 23. a4 Rac8 24. Rd2 bxa4 25. bxa4 Rc4 0-1

[Event "FICGS W-ch st1 g20 email"]
[Site "FICGS email"]
[Date "2009.11.02"]
[Round "1"]
[White "Guisado, Francisco"]
[Black "Frame, Jeremy"]
[Result "1-0"]
[WhiteElo "1599"]
[BlackElo "1156"]
[PlyCount "35"]
[EventDate "2009.??.??"]
[EventType "tourn (corr)"]
[EventRounds "8"]
[SourceTitle "Corr 2022"]
[Source "ChessBase"]
[SourceDate "2021.10.24"]
[SourceVersion "1"]
[SourceVersionDate "2021.10.24"]
[SourceQuality "1"]

1. d4 d5 2. c4 c6 3. Nf3 e6 4. Qc2 Nf6 5. Bg5 Be7 6. Nc3 Nbd7 7. e3 b6 8. cxd5 cxd5 9. Bd3 Bb7 10. 0-0 0-0 11. Ne5 Qc7 12. Bxh7+ Nxh7 13. Bxe7 Ndf6 14. Bxf8 Rxf8 15. Rac1 Rc8 16. Qd2 Nd7 17. Nb5 Nxe5 18. Rxc7 1-0

[Event "FICGS rapid C 000079 email"]
[Site "FICGS email"]
[Date "2009.10.17"]
[Round "1"]
[White "Guisado, Francisco"]
[Black "Cridland, Graham M"]
[Result "1-0"]
[WhiteElo "1570"]
[BlackElo "1507"]
[PlyCount "57"]
[EventDate "2009.??.??"]
[EventType "tourn (rapid)"]
[EventRounds "4"]
[SourceTitle "Corr 2022"]
[Source "ChessBase"]
[SourceDate "2021.10.24"]
[SourceVersion "1"]
[SourceVersionDate "2021.10.24"]
[SourceQuality "1"]

1. d4 Nf6 2. c4 c5 3. d5 e6 4. Nc3 exd5 5. cxd5 d6 6. e4 g6 7. f4 Bg7 8. Bb5+ Nfd7 9. a4 0-0 10. Nf3 Na6 11. 0-0 Nb4 12. Re1 Nf6 13. h3 Bd7 14. Bc4 b5 15. Nxb5 Bxb5 16. Bxb5 Qb6 17. Kh1 Rad8 18. Qe2 Nh5 19. Qf2 f5 20. Ng5 Bd4 21. Be3 Ng7 22. Bxd4 cxd4 23. Qd2 a5 24. Ne6 Nxe6 25. dxe6 Rc8 26. Rac1 fxe4 27. e7 Rfe8 28. Rxc8 Rxc8 29. Rxe4 1-0

[Event "FICGS class C 000042 email"]
[Site "FICGS email"]
[Date "2008.03.09"]
[Round "1"]
[White "Guisado, Francisco"]
[Black "Stephen, Zack"]
[Result "1-0"]
[WhiteElo "1800"]
[BlackElo "1800"]
[PlyCount "21"]
[EventDate "2008.??.??"]
[EventType "tourn (corr)"]
[EventRounds "1"]
[SourceTitle "Corr 2022"]
[Source "ChessBase"]
[SourceDate "2021.10.24"]
[SourceVersion "1"]
[SourceVersionDate "2021.10.24"]
[SourceQuality "1"]

1. d4 d5 2. c4 c6 3. Nf3 Nf6 4. Nc3 e6 5. Bg5 h6 6. Bh4 dxc4 7. e4 g5 8. Bg3 b5 9. Ne5 h5 10. f3 Bb7 11. b3 1-0

[Event "IECC CL3-2008.03 email"]
[Site "IECC email"]
[Date "2008.03.09"]
[Round "?"]
[White "Lorenzo, Alfredo"]
[Black "Guisado, Francisco"]
[Result "1-0"]
[WhiteElo "1824"]
[BlackElo "1837"]
[PlyCount "81"]
[EventDate "2008.??.??"]
[EventType "tourn (corr)"]
[EventRounds "4"]
[SourceTitle "Corr 2013"]
[Source "ChessBase"]
[SourceDate "2012.11.12"]
[SourceVersion "1"]
[SourceVersionDate "2012.11.12"]
[SourceQuality "1"]
[WhiteTeam "US of America"]
[BlackTeam "Netherlands"]
[WhiteTeamCountry "USA"]
[BlackTeamCountry "NED"]

1. e4 e5 2. Nf3 Nc6 3. d4 exd4 4. Bc4 d6 5. Nxd4 Nf6 6. Nc3 Be7 7. 0-0 0-0 8. h3 Ne5 9. Bb3 c5 10. Nf3 b6 11. Qe2 Bb7 12. Bf4 Qc8 13. Nxe5 dxe5 14. Bxe5 Ba6 15. Bc4 Bb7 16. Rad1 a6 17. Bxf6 Bxf6 18. e5 Re8 19. f4 b5 20. Bxf7+ Kxf7 21. Qh5+ Kg8 22. exf6 gxf6 23. Rd6 Re6 24. Rfd1 Rxd6 25. Rxd6 Qe8 26. Qg4+ Kh8 27. Qf5 Qg6 28. Qxf6+ Qxf6 29. Rxf6 Kg7 30. Rd6 Rf8 31. Rd7+ Rf7 32. Rxf7+ Kxf7 33. g4 Kf6 34. Kf2 Bc6 35. Ke3 c4 36. Ne4+ Ke7 37. Kd4 Bd7 38. Ke5 a5 39. Nf6 b4 40. c3 a4 41. a3 1-0

[Event "FICGS class D 000081 email"]
[Site "FICGS email"]
[Date "2008.03.02"]
[Round "1"]
[White "Tenorio, Elizabeth"]
[Black "Guisado, Francisco"]
[Result "1-0"]
[WhiteElo "1700"]
[BlackElo "1800"]
[PlyCount "47"]
[EventDate "2008.??.??"]
[EventType "tourn (corr)"]
[EventRounds "6"]
[SourceTitle "Corr 2022"]
[Source "ChessBase"]
[SourceDate "2021.10.24"]
[SourceVersion "1"]
[SourceVersionDate "2021.10.24"]
[SourceQuality "1"]

1. Nf3 d5 2. g3 Nf6 3. Bg2 e6 4. 0-0 Be7 5. d3 0-0 6. Nc3 Nbd7 7. a3 a6 8. e4 dxe4 9. dxe4 Nc5 10. Qe2 c6 11. e5 Nd5 12. Nxd5 cxd5 13. Rd1 Qc7 14. Bg5 Na4 15. Rab1 Nb6 16. Rd4 f6 17. exf6 Bxf6 18. Bxf6 Rxf6 19. Ne5 Nd7 20. f4 Nxe5 21. fxe5 Rf5 22. Rf1 Rxe5 23. Qd3 Bd7 24. Qd2 1-0